Towns and cities with unusual names - Statistics

General Stats
  • This quiz has been taken 25 times
  • The average score is 7 of 20
Answer Stats
City/Town Country % Correct
Kankaanpää Finland
83%
Å Norway
56%
Þórshöfn Iceland
50%
Horse and Jockey Ireland
50%
Surprise USA
50%
Wuhu China
44%
Perm Russia
44%
Boggy Bottom UK
44%
Condom France
39%
Middelfart Denmark
33%
ʻOʻua Tonga
33%
Lower Economy Canada
28%
Gödöllő Hungary
28%
Pimple Saudagar India
28%
Juan Emilio O'Leary Paraguay
28%
Oral Kazakhstan
22%
Mmathethe Botswana
17%
Santa Cruz de Mompox Colombia
17%
Gland Switzerland
17%
Lion's Den Zimbabwe
6%
No matching quizzes found
Score Distribution
Percent of People with Each Score
Percentile by Number Answered
Your Score History
You have not taken this quiz